000 00835cam a22002771 4500
001 sa 65007635
003 DLC
005 20260227112150.0
008 900212s1963 ii 000 0 sano
010 _asa 65007635
035 _a(OCoLC)21051243
040 _aDLC
_cWaU
_dDLC
041 0 _asanhin
050 0 0 _aPK3798
_b.V177 1963
100 0 _aVeṅkaṭādhvarin,
_dactive 17th century.
245 1 0 _aViśvaguṇādarśacampūh.
260 _c1963.
300 _a452 p.
_c23 cm.
440 0 _aVidyabhawan Sanskrit granthamala,
_v98
500 _aAdded t. p.: Viśva-guṇādarśa-campū.
500 _aHindi and Sanskrit.
700 1 _aŚāstrī, Surendra Nātha.
700 1 _aShastri, Balkrishna.
_tPadārthacandrikā.
700 1 _aPāṭhaka, Jaṭāśaṅkara.
_tPrabhā.
740 0 _aViśva-guṇādarśa-campū.
999 _c65260
_d65260